000 01311nam0a22003011 4500
001 rc\4890239
005 20250613031344.0
021 _aRU
_b[68-26602]
035 _a(NLR Aleph) 008922103
090 _a8830780
_c8830780
100 _a20130426d1968 |||y0rusy50 ca
101 0 _arus
102 _aRU
105 _aa z |||||
200 1 _aЭстетическое воспитание
_e[Учеб. пособие для проф.-техн. училищ
_fНауч. ред. канд. филос. наук В.И. Толстых]
210 _aМосква
_cВысш. школа
_d1968
215 _a411 с., 15 л. ил.
_cил.
_d21
300 _aАвт. глав: канд. филос. наук В.И. Толстых, д-р филос. наук К.В. Шохин, К.А. Макаров и др.
606 _aЭстетика
_jУчебники и пособия
_2psbo
701 1 _aШохин
_bК.В.
701 1 _aТолстых
_bВ.И.
_gВалентин Иванович
_4340
701 1 _7ca
_8rus
_aМакаров
_bК. А.
_cканд. филос. наук, искусствовед
_f1927-
_gКирилл Александрович
_9238774
_3RU\NLR\AUTH\770238830
801 0 _aRU
_bNLR
_gpsbo
801 1 _aRU
_bELAR
_2rusmarc
852 _aNLR
_j68-3/2530
942 _cBOOK
980 _aNB